[Event "45th Olympiad Budapest 2024"]
[Site "Budapest"]
[Date "2024.09.19"]
[Round "8"]
[Board "2"]
[White "Thavandiran, Shiyam"]
[Black "Middelburg, Tom"]
[Result "1-0"]
[WhiteElo "2388"]
[BlackElo "2355"]
[PlyCount "75"]
[EventDate "2024.09.11"]
[EventType "team-tourn"]
[EventRounds "11"]
[EventCountry "HUN"]
[WhiteTeam "Canada"]
[BlackTeam "New Zealand"]
[WhiteTeamCountry "CAN"]
[BlackTeamCountry "NZL"]

1. e4 c6 2. Nf3 d5 3. d3 dxe4 4. dxe4 Qxd1+ 5. Kxd1 Nf6 6. Nbd2 Nbd7 7. Ne1 e5 ({RR} 7... Nc5 8. f3 e5 9. Nc4 Nfd7 10. Be3 f6 11. a4 a5 12. g3 Kd8 13. Bh3 Kc7 14. Nd3 b6 15. Re1 Ba6 16. Nxb6 Kxb6 17. Bxd7 Rd8 18. b4 Bxd3 19. bxc5+ Bxc5 20. cxd3 Bxe3 21. Rb1+ Kc7 22. Bxc6 {½-½ Navara,D (2689)-Saric,I (2647) TCh-CZE Extraliga 2023-24 (10.2)}) 8. f3 Nb6 $146 ({RR} 8... Bd6 9. c3 O-O 10. Kc2 Rd8 11. a4 a5 12. Nc4 Bc7 13. Be3 b6 14. Rd1 Ba6 15. Nd2 Bxf1 16. Rxf1 Kf8 17. Nd3 Ke7 18. g4 Ne8 19. Nc4 f6 20. g5 Nd6 21. Nxd6 Bxd6 22. Rg1 Rg8 23. Rg3 {1-0 Sjugirov,S (2680)-Samunenkov,I (2369) Wch Blitz Warsaw 2021 (1)}) ({RR} 8... Bc5 9. Nd3 Bd6 10. Nc4 Bc7 11. a4 O-O 12. c3 Rd8 13. Kc2 Rb8 14. Be3 b6 15. Be2 Ba6 16. Nb4 Bb7 17. Rhd1 Nf8 18. a5 c5 19. Rxd8 Rxd8 20. axb6 axb6 21. Nd3 Ng6 22. Ra7 Rb8 23. Bxc5 {1-0 Drygalov,A (2455)-Mizzi,J (2051) Titled Tue 9th Apr Early 2024 (1)}) ({RR} 8... Bd6 9. a4 a5 10. Nc4 Bc7 11. Nd3 b6 12. c3 Ba6 13. Ne3 g6 14. Kc2 Bd6 15. b3 Ke7 16. Ba3 Bxa3 17. Rxa3 Rhd8 18. Nb2 Bxf1 19. Rxf1 Ne8 20. Nbc4 Nd6 21. Rd1 Nxc4 22. Nxc4 f6 23. Rxd7+ {1-0 Druska,J (2493)-Humburg,P (2245) EU-ch 21st Reykjavik 2021 (3)}) ({RR} 8... Bd6 9. Nc4 Bc7 10. a4 O-O 11. c3 Ne8 12. Be3 Nd6 13. a5 Rd8 14. Kc2 Nxc4 15. Bxc4 Nf8 16. Nd3 Be6 17. Bxe6 Nxe6 18. Rhd1 Bd6 19. b4 f6 20. Rd2 Kf7 21. Rad1 Be7 22. Nb2 Ke8 23. Nc4 {1-0 Bertona,F (2410)-Garnier,R (2187) ARG-ch 96th Buenos Aires 2022 (8)}) 9. a4 a5 10. Nb3 Be6 11. Bd2 Bxb3 12. cxb3 Bc5 13. Nc2 Ke7 14. Bd3 Ne8 15. g3 Nc7 16. Bc3 Nd7 17. f4 Rhd8 18. Ke2 f6 19. f5 Bb6 20. b4 axb4 21. Bxb4+ Bc5 22. Bc3 b5 23. b3 Rdb8 24. Rhc1 Bd6 25. Nb4 Rb6 26. a5 Rba6 27. Nxa6 Nxa6 28. Bd2 Ndc5 29. Bc2 Nb7 30. Bd1 Bc5 31. b4 Bxb4 32. Rxc6 Bxd2 33. Kxd2 Nbc5 34. Ke3 Rd8 35. Be2 Nb3 36. Rd1 Rxd1 37. Bxd1 Nb4 38. Re6+ 1-0

[Event "45th Olympiad Budapest 2024"]
[Site "Budapest"]
[Date "2024.09.19"]
[Round "8"]
[Board "3"]
[White "Renjith, Sravan"]
[Black "Preotu, Razvan"]
[Result "1/2-1/2"]
[WhiteElo "2325"]
[BlackElo "2451"]
[PlyCount "64"]
[EventDate "2024.09.11"]
[EventType "team-tourn"]
[EventRounds "11"]
[EventCountry "HUN"]
[WhiteTeam "New Zealand"]
[BlackTeam "Canada"]
[WhiteTeamCountry "NZL"]
[BlackTeamCountry "CAN"]

1. e4 c6 2. d4 d5 3. exd5 cxd5 4. c4 Nf6 5. Nc3 Nc6 6. Nf3 g6 7. cxd5 Nxd5 8. Bc4 Nb6 9. Bb3 Bg7 10. Be3 O-O 11. d5 Na5 12. Bd4 Nxb3 13. axb3 e5 14. dxe6 Bxe6 15. O-O Bg4 16. Be3 $146 ({RR} 16. Bxg7 Kxg7 17. h3 Qxd1 18. Rfxd1 Bxf3 19. gxf3 Rfe8 20. Rd6 Re6 21. Rxe6 fxe6 22. Nb5 a6 23. Nc7 Rc8 24. Nxe6+ Kf6 25. Nd4 Rd8 26. Rd1 Nc8 27. Rc1 Ne7 28. Ne2 Rd2 29. Nc3 Rxb2 30. Ne4+ Ke6 {½-½ Heidrich,M (2415)-Brendel,O (2378) Bundesliga 0203 2002 (12.4)}) ({RR} 16. Bxg7 Kxg7 17. h3 Qxd1 18. Rfxd1 Bxf3 19. gxf3 Rfc8 20. Rd6 Rc6 21. Nb5 a6 22. Rxc6 bxc6 23. Nc7 Ra7 24. Nxa6 Nd7 25. Ra3 Ne5 26. Kg2 Nd3 27. Nb4 Nf4+ 28. Kg3 Ne2+ 29. Kh2 Rc7 30. Na6 Rd7 {½-½ Varga,Z (2460)-Negulescu,A (2380) ROM-chT Calarasi 1995}) ({RR} 16. Bxg7 Kxg7 17. h3 Qxd1 18. Rfxd1 Bxf3 19. gxf3 {½-½ Franco Ocampos,Z (2477)-Bjerre,J (2421) Lorca op 7th 2018 (8)}) 16... Qf6 17. h3 Bxf3 18. Qxf3 Qxf3 19. gxf3 Rfc8 20. Nb5 Nd5 21. Rxa7 Nxe3 22. Rxa8 Rxa8 23. fxe3 Bxb2 24. Rd1 Rc8 25. Rd3 Kf8 26. f4 Rc2 27. Nd6 Bc1 28. f5 Re2 29. fxg6 hxg6 30. Kf1 Rxe3 31. Rxe3 Bxe3 32. Nxb7 Ke7 1/2-1/2

[Event "45th Olympiad Budapest 2024"]
[Site "Budapest"]
[Date "2024.09.19"]
[Round "8"]
[Board "4"]
[White "Noritsyn, Nikolay"]
[Black "Croad, Nicolas"]
[Result "1/2-1/2"]
[WhiteElo "2451"]
[BlackElo "2195"]
[PlyCount "169"]
[EventDate "2024.09.11"]
[EventType "team-tourn"]
[EventRounds "11"]
[EventCountry "HUN"]
[WhiteTeam "Canada"]
[BlackTeam "New Zealand"]
[WhiteTeamCountry "CAN"]
[BlackTeamCountry "NZL"]

1. e4 c5 2. Nf3 d6 3. d4 cxd4 4. Nxd4 Nf6 5. Nc3 Nc6 6. Bg5 e6 7. Qd2 Be7 8. O-O-O Nxd4 9. Qxd4 O-O 10. h4 h6 ({RR} 10... Qa5 11. f4 e5 12. Qd2 Be6 13. f5 Bxa2 14. Rh3 d5 15. Bxf6 gxf6 16. exd5 Kh8 17. d6 Rfd8 18. Nxa2 Qxa2 19. Ra3 Qxa3 20. bxa3 Rxd6 21. Qxd6 Bxd6 22. Rxd6 {1-0 Hagner,B (2307)-Guliyev,N (2531) 2nd Bundesliga Sud 23-24 2023 (6.5)}) 11. Bd2 e5 12. Qd3 Be6 13. Be2 $146 ({RR} 13. f3 Nh5 14. Be1 Rc8 15. Nd5 Nf4 16. Nxe7+ Qxe7 17. Qxd6 Qxd6 18. Rxd6 Bxa2 19. Rd7 Bc4 20. Rxb7 Bxf1 21. Rxf1 Nxg2 22. Bf2 Nf4 23. Rd1 a6 24. Rdd7 Rfd8 25. Kd2 Rxd7+ 26. Rxd7 Rc6 27. b3 Rf6 {½-½ Izrailev,A (2250)-Armbrust,F (2291) Oberliga Nord W 1617 2016 (8.1)}) ({RR} 13. f3 d5 14. exd5 Nxd5 15. Qe4 Nb4 16. Bxh6 Qa5 17. Bg5 f5 18. Qe1 Nxc2 19. Kxc2 Bb4 20. Bd2 Rac8 21. Ra1 Rfd8 22. Be2 Bxa2 23. Kc1 Rxd2 24. Qxd2 Bxc3 25. bxc3 Qa3+ {0-1 Almasi,Z (2674)-Baramidze,D (2583) EU-ch 9th Plovdiv 2008 (7)}) ({RR} 13. f3 d5 14. exd5 Nxd5 15. Nxd5 Qxd5 16. Qxd5 Bxd5 17. Bxh6 Bxa2 18. Rd7 Bc5 19. Bd2 Be6 20. Rxb7 Bb6 21. Bd3 Rfe8 22. Be4 Rac8 23. g4 Rc4 24. b3 Rcc8 25. Kb2 Red8 26. Bc3 Bd5 27. Re7 Bxe4 {½-½ Arakhamia Grant,K (2426)-Van Voorthuijsen,P (2265) Bunratty Masters op 13th 2006 (6)}) ({RR} 13. Nd5 Bxd5 14. exd5 Rc8 15. Qb3 Ne4 16. Be3 Bxh4 17. Qa4 f5 18. f3 Bg5 19. fxe4 Bxe3+ 20. Kb1 f4 21. Be2 Rc7 22. Bg4 Qg5 23. Bf3 Rfc8 24. c3 a6 25. a3 g6 26. Rh3 Kg7 27. Rdh1 Rh8 {0-1 Khatibi,M (2172)-Bagheri,M (2237) IRI-ch sf Rasht 2015 (7)}) 13... Rc8 14. Kb1 d5 15. exd5 Nxd5 16. Qg3 Qb6 17. Nxd5 Bxd5 18. Be3 Qe6 19. Rxd5 Qxd5 20. Bxh6 Bf6 21. Bg5 Qc6 22. Bd3 e4 23. Bxf6 Qxf6 24. Bxe4 Rfd8 25. Bd3 Re8 26. f3 Rc5 27. Rd1 Rce5 28. Be4 Rd8 29. Bd3 Rb5 30. b3 Rc5 31. Qf2 b6 32. g4 a5 33. g5 Qe7 34. Qd2 Kf8 35. f4 a4 36. Re1 Qd6 37. b4 Rc4 38. a3 Rxf4 39. h5 Rf3 40. Rd1 Qf4 41. Qxf4 Rxf4 42. Rh1 Rdd4 43. h6 Rh4 44. hxg7+ Kxg7 45. Re1 Rh3 46. Re5 Rg3 47. Rb5 Rd6 48. Kb2 Rg4 49. Kc3 Rc6+ 50. Kb2 Rd4 51. Rf5 Rcd6 52. Rf3 R4d5 53. Bc4 Rxg5 54. Rxf7+ Kg6 55. Ra7 b5 56. Bd3+ Kf6 57. Rb7 Rdd5 58. Kc3 Ke6 59. Be4 Rg3+ 60. Kb2 Re5 61. Bd3 Rgg5 62. Ra7 Kd6 63. Ra6+ Kc7 64. Rf6 Rd5 65. Kc3 Rd6 66. Rf3 Rc6+ 67. Kb2 Rd6 68. Rf2 Rgd5 69. Rf3 Rg5 70. Rh3 Rgd5 71. Be2 Re5 72. Bg4 Rg5 73. Rh7+ Kb6 74. Bf3 Rf6 75. Be4 Re5 76. Bd3 Rd6 77. Rh8 Kc7 78. Rg8 Kb7 79. Kc3 Kc7 80. Rg7+ Kb6 81. Rg4 Kc6 82. Rg1 Kc7 83. Rg8 Kb7 84. Rh8 Kc7 85. Rh7+ 1/2-1/2

[Event "45th Olympiad Budapest 2024"]
[Site "Budapest"]
[Date "2024.09.19"]
[Round "8"]
[Board "1"]
[White "Sadorra, Julio Catalino"]
[Black "Karsten, Jan"]
[Result "1-0"]
[WhiteElo "2542"]
[BlackElo "2311"]
[PlyCount "72"]
[EventDate "2024.09.11"]
[EventType "team-tourn"]
[EventRounds "11"]
[EventCountry "HUN"]
[WhiteTeam "Philippines"]
[BlackTeam "South Africa"]
[WhiteTeamCountry "PHI"]
[BlackTeamCountry "RSA"]

1. d4 Nf6 2. c4 g6 3. Nc3 d5 4. Nf3 Bg7 5. h4 c6 6. Bg5 h6 7. Bxf6 Bxf6 8. e3 ({RR} 8. h5 g5 9. e3 a6 10. Qc2 Be6 11. cxd5 cxd5 12. Qb3 Ra7 13. Nd2 Nc6 14. g3 b5 15. Bg2 Rd7 16. a4 b4 17. Na2 Qb6 18. O-O O-O 19. Rfc1 Rd6 20. Qc2 Rc8 21. Qd3 Bg4 22. Nb3 e5 {½-½ Sadorra,J (2575)-Jumabayev,R (2625) Asian Continental op 16th 2017 (5)}) 8... O-O 9. Qc2 Bg7 ({RR} 9... e6 10. Ne5 Nd7 11. h5 g5 12. f4 Bg7 13. O-O-O Nxe5 14. dxe5 f6 15. exf6 Qxf6 16. g3 b5 17. cxb5 Bd7 18. Kb1 cxb5 19. e4 b4 20. e5 Qe7 21. Ne2 Rac8 22. Qd2 Ba4 23. Rc1 Rxc1+ 24. Qxc1 {½-½ Indjic,A (2589)-Duda,J (2732) World Blitz 2023 (12.6)}) 10. Ne5 $146 ({RR} 10. Bd3 Be6 11. cxd5 cxd5 12. Qb3 Qb6 13. Qxb6 axb6 14. Kd2 Rd8 15. Rhc1 Bg4 16. Nh2 Bf5 17. Bxf5 gxf5 18. f4 Nc6 19. h5 e6 20. g4 fxg4 21. Nxg4 Kf8 22. Ne2 b5 23. Rc5 b4 24. Rb5 Rd7 {1-0 Najer,E (2626)-Wan,Y (2494) CHN-chT China 2013 (12.3)}) 10... Nd7 11. f4 Nxe5 12. fxe5 Be6 13. cxd5 cxd5 14. Be2 f5 15. h5 g5 16. O-O Qe8 17. Qb3 g4 18. Nxd5 Bxd5 19. Qxd5+ e6 20. Qb3 Kh8 21. Rf4 Rc8 22. Raf1 Rd8 23. Kf2 Qe7 24. Kg3 a6 25. a4 Rfe8 26. Rc1 Bf8 27. Qb6 Rd7 28. e4 Red8 29. exf5 exf5 30. Rxf5 Bg7 31. Qc5 Qxc5 32. Rxc5 Rxd4 33. Bxg4 Re8 34. e6 Bf8 35. Rcd5 Rxa4 36. Rf7 Bg7 1-0

[Event "45th Olympiad Budapest 2024"]
[Site "Budapest"]
[Date "2024.09.19"]
[Round "8"]
[Board "2"]
[White "Levitan, Caleb Levi"]
[Black "Bersamina, Paulo"]
[Result "1/2-1/2"]
[WhiteElo "2193"]
[BlackElo "2425"]
[PlyCount "60"]
[EventDate "2024.09.11"]
[EventType "team-tourn"]
[EventRounds "11"]
[EventCountry "HUN"]
[WhiteTeam "South Africa"]
[BlackTeam "Philippines"]
[WhiteTeamCountry "RSA"]
[BlackTeamCountry "PHI"]

1. e4 c5 2. Nf3 d6 3. d4 cxd4 4. Nxd4 Nf6 5. Nc3 Nc6 6. Bc4 Bd7 7. Bb3 e6 8. Be3 Nxd4 ({RR} 8... Be7 9. Qe2 Rc8 10. f3 a6 11. Nxc6 Bxc6 12. O-O-O Qc7 13. Bd4 O-O 14. Kb1 b5 15. a3 Rfe8 16. f4 Qb7 17. e5 dxe5 18. fxe5 Ne4 19. Rhf1 Bc5 20. Nxe4 Bxe4 21. Rf4 Bg6 22. h4 h6 23. h5 {½-½ Annaberdiev,M (2439)-Baklan,V (2655) TUR-chT Kocaeli 2014 (8.4)}) 9. Bxd4 b5 10. a3 $146 ({RR} 10. Qe2 b4 11. Nb1 Be7 12. Nd2 a5 13. a4 O-O 14. O-O-O Qe8 15. Nc4 Bxa4 16. Bxa4 Qxa4 17. Nb6 Qc6 18. Nxa8 Rxa8 19. h4 a4 20. Kb1 a3 21. b3 Nxe4 22. Rh3 e5 23. Ba1 a2+ 24. Kc1 Nc3 {0-1 Poddubnyi,V (2304)-Tang,Z (2212) Titled Tue 20th Aug Early 2024 (10)}) ({RR} 10. Qd3 b4 11. Ne2 Be7 12. O-O O-O 13. a3 a5 14. axb4 axb4 15. f3 Qc7 16. Ra6 Rfb8 17. Qc4 Qxc4 18. Bxc4 Rxa6 19. Bxa6 Ra8 20. Bc4 Kf8 21. Kf2 Rc8 22. Bd3 e5 23. Bb6 d5 24. Ra1 dxe4 {½-½ Levine,J (2200)-Tang,Z (2098) Redmond 2022 (9)}) ({RR} 10. e5 dxe5 11. Bxe5 a5 12. a4 b4 13. Nb5 Bxb5 14. axb5 Qxd1+ 15. Rxd1 Nd7 16. Rxd7 Kxd7 17. O-O Bc5 18. Rd1+ Ke7 19. Bc7 a4 20. Bc4 a3 21. bxa3 bxa3 22. Ba2 Ba7 23. Bd6+ Kf6 24. Bc7 Bb8 {0-1 Obidjonov,O (2089)-Tang,Z (2212) Titled Tue 13th Aug Early 2024 (11)}) 10... a5 11. f3 Be7 12. O-O Qb8 13. Ne2 O-O 14. Qd2 Qb7 15. Kh1 b4 16. axb4 axb4 17. Nf4 Bb5 18. Nd3 d5 19. Bxf6 Bxf6 20. exd5 Bxd3 21. Qxd3 Rxa1 22. Rxa1 exd5 23. Bxd5 Qe7 24. Qe4 Qxe4 25. Bxe4 Bxb2 26. Ra8 Rxa8 27. Bxa8 Bd4 28. g3 Kf8 29. Kg2 Ke7 30. Bd5 f6 1/2-1/2

[Event "45th Olympiad Budapest 2024"]
[Site "Budapest"]
[Date "2024.09.19"]
[Round "8"]
[Board "3"]
[White "Gomez, John Paul"]
[Black "Mhango, Banele"]
[Result "1-0"]
[WhiteElo "2408"]
[BlackElo "2261"]
[PlyCount "67"]
[EventDate "2024.09.11"]
[EventType "team-tourn"]
[EventRounds "11"]
[EventCountry "HUN"]
[WhiteTeam "Philippines"]
[BlackTeam "South Africa"]
[WhiteTeamCountry "PHI"]
[BlackTeamCountry "RSA"]

1. e4 e5 2. Nf3 Nc6 3. Bb5 f5 4. d3 fxe4 5. dxe4 Nf6 6. O-O d6 7. Re1 Be7 ({RR} 7... Bg4 8. h3 Bh5 9. Qd3 Qd7 10. Nc3 a6 11. Bxc6 bxc6 12. Ne2 h6 13. Ng3 Bf7 14. Qc3 g6 15. Rd1 Qc8 16. Qxc6+ Ke7 17. b3 Be6 18. Bb2 Kf7 19. Rd3 Be7 20. Qc3 Nd7 21. Rf1 Qb7 22. Nh2 {0-1 Jones,G (2554)-Sokolov,I (2655) Staunton Memorial 7th 2009 (5)}) 8. Bc4 ({RR} 8. Nc3 O-O 9. Bc4+ Kh8 10. Ng5 Qe8 11. Ne6 Bxe6 12. Bxe6 Nd4 13. Bc4 Qg6 14. Re3 Ng4 15. Rg3 Nxf2 16. Rxg6 Nxd1 17. Rg4 Nf2 18. Nd5 Nxg4 19. Nxe7 Nxc2 20. Rb1 Nge3 21. Bd3 Rae8 22. Nd5 Nxd5 {0-1 Schmitz,D (1957)-Parker,A (1909) Charlotte Open 2024 (2.16)}) 8... Na5 9. Bf1 Bg4 10. h3 $146 ({RR} 10. Bg5 Nc6 11. c3 Qd7 12. Nbd2 O-O 13. Qb3+ Be6 14. Qxb7 a6 15. Bc4 Bxc4 16. Nxc4 Rfb8 17. Nb6 Rxb7 18. Nxd7 Nxd7 {0-1 Torres Grajales,R-Brana Lopez,E ESP-chT Spain 1998 (4)}) 10... Be6 11. Nc3 c6 12. a4 a6 13. Ne2 Nh5 14. Ned4 exd4 15. Ng5 Bxg5 16. Qxh5+ Bf7 17. Qxg5 Qxg5 18. Bxg5 c5 19. e5 d5 20. e6 Bg6 21. Re5 Rf8 22. Rae1 h6 23. Bd2 Nc4 24. Bxc4 dxc4 25. Rxc5 Ke7 26. Rxc4 Rfc8 27. Rxd4 Be8 28. Bb4+ Kf6 29. Rd7 a5 30. Bd6 Rc6 31. Be7+ Kf5 32. g4+ Kg6 33. Rxb7 Rxc2 34. Bf8 1-0

[Event "45th Olympiad Budapest 2024"]
[Site "Budapest"]
[Date "2024.09.19"]
[Round "8"]
[Board "4"]
[White "Cawdery, Daniel"]
[Black "Garcia, Jan Emmanuel"]
[Result "1/2-1/2"]
[WhiteElo "2356"]
[BlackElo "2380"]
[PlyCount "60"]
[EventDate "2024.09.11"]
[EventType "team-tourn"]
[EventRounds "11"]
[EventCountry "HUN"]
[WhiteTeam "South Africa"]
[BlackTeam "Philippines"]
[WhiteTeamCountry "RSA"]
[BlackTeamCountry "PHI"]

1. e4 e5 2. Nf3 Nc6 3. d4 exd4 4. Bc4 Bc5 5. c3 Nf6 6. e5 d5 7. Bb5 Ne4 8. cxd4 Bb6 9. Nc3 O-O 10. Be3 Bg4 11. h3 Bh5 12. Qc2 Nxc3 13. bxc3 f6 14. exf6 Qxf6 15. Be2 Bxf3 ({RR} 15... Na5 16. O-O Bxf3 17. Bxf3 c6 18. Rae1 Nc4 19. Bc1 Qg6 20. Qd1 Rae8 21. Rxe8 Qxe8 22. Be2 Qe6 23. Bxc4 dxc4 24. Re1 Qf7 25. Qe2 Ba5 26. Qe3 h6 27. Ba3 Rd8 28. h4 Kh7 29. Re2 Qf5 30. Qc1 {½-½ Nepomniachtchi,I (2792)-Carlsen,M (2855) Norway Chess 9th 2021 (10)}) 16. Bxf3 Ne7 ({RR} 16... Qd6 17. Be2 Rae8 18. O-O Na5 19. Rfe1 Nc4 20. Bxc4 dxc4 21. a4 Qd5 22. Rab1 a6 23. Bd2 Ba5 24. f3 c5 25. Be3 Qf5 26. Qxf5 Rxf5 27. Bd2 Rxe1+ 28. Bxe1 cxd4 29. cxd4 Bxe1 30. Rxe1 Kf7 31. Rb1 {½-½ Park,E (2352)-Meshkovs,N (2540) Riga Tech Open A 2024 (8.13)}) 17. O-O c6 18. Be2 $146 ({RR} 18. Rae1 Bc7 19. Bg4 Nf5 20. Bc1 Rf7 21. Re2 Ng3 22. Re6 Qh4 23. fxg3 Rxf1+ 24. Kxf1 Qxg3 25. Re3 Qh2 26. Qf2 Bf4 27. Be6+ Kh8 28. Rf3 Qh1+ 29. Ke2 Qxc1 30. Rxf4 Qc2+ 31. Kf3 Qxc3+ 32. Qe3 Qb4 {1-0 Lomasov,S (2528)-Bartel,M (2648) Molodezhka-POL online blitz 2020}) ({RR} 18. Rae1 Bc7 19. Bg4 Nf5 20. Bc1 Bd6 21. Qe2 Rf7 22. Qe6 Qxe6 23. Rxe6 Bf8 24. Re5 g6 25. Rfe1 Ng7 26. g3 b5 27. h4 a5 28. Bd2 Rb8 29. R5e2 b4 30. Bf4 Rb6 31. Rc1 {½-½ Sadzikowski,D (2522)-Gumularz,S (2506) Ustron op-A 2020 (8)}) ({RR} 18. Qb3 Nf5 19. Bd2 Bc7 20. Rae1 Qd6 21. Re5 Qg6 22. Re2 h5 23. Qxb7 Nh4 24. Qxc7 Nxf3+ 25. Kh1 Rf7 {0-1 Nepomniachtchi,I (2775)-Karjakin,S (2748) Moscow Chess for TV 2019 (6.1)}) 18... Nf5 19. Bd3 Bc7 20. Bxf5 Qxf5 21. Qxf5 Rxf5 22. Rfb1 b6 23. a4 Re8 24. Re1 Rf6 25. Bd2 Rfe6 26. Rxe6 Rxe6 27. Be3 Kf7 28. Kf1 h5 29. Ke2 Rg6 30. g3 Re6 1/2-1/2

[Event "45th Olympiad Budapest 2024"]
[Site "Budapest"]
[Date "2024.09.19"]
[Round "8"]
[Board "1"]
[White "Djabri, Massinas"]
[Black "Galaviz Medina, Sion Radamantys"]
[Result "0-1"]
[WhiteElo "2280"]
[BlackElo "2488"]
[PlyCount "56"]
[EventDate "2024.09.11"]
[EventType "team-tourn"]
[EventRounds "11"]
[EventCountry "HUN"]
[WhiteTeam "Algeria"]
[BlackTeam "Mexico"]
[WhiteTeamCountry "ALG"]
[BlackTeamCountry "MEX"]

1. d4 Nf6 2. c4 e6 3. Nf3 d5 4. Nc3 Bb4 5. a3 Bxc3+ 6. bxc3 c5 7. e3 ({RR} 7. a4 Ne4 8. e3 Nxc3 9. Qc2 cxd4 10. Nxd4 Ne4 11. cxd5 exd5 12. Bb5+ Bd7 13. Ba3 Qa5+ 14. Ke2 Nc6 15. Bxc6 bxc6 16. Rhc1 c5 17. Bxc5 Rc8 18. Nb3 Qa6+ 19. Ke1 Nxc5 20. Nxc5 Qd6 21. Qc3 O-O {½-½ Tabatabaei,M (2623)-Yu,Y (2713) Berlin FIDE GP 3 Pool-D 2022 (5)}) ({RR} 7. Bg5 Qa5 8. Bxf6 Qxc3+ 9. Nd2 gxf6 10. dxc5 Na6 11. e3 Nxc5 12. cxd5 O-O 13. Qc1 Nd3+ 14. Bxd3 Qxd3 15. Qb2 Bd7 16. dxe6 Bxe6 17. Nf3 Rfd8 18. Nd4 Bg4 19. h3 Rxd4 20. hxg4 Rd6 21. Rh6 Rb6 {1-0 Calderin Gonzalez,R (2413)-Goktepe,D (2187) 1000GM Winter IM 2 2024 (2.3)}) 7... Qa5 8. Bd2 O-O $146 ({RR} 8... Ne4 9. cxd5 exd5 10. c4 Nxd2 11. Qxd2 Qxd2+ 12. Kxd2 cxd4 13. Nxd4 dxc4 14. Bxc4 O-O 15. Rab1 Nd7 16. Rhc1 Nb6 17. Bb3 Rd8 18. Ke2 Bg4+ 19. f3 Bd7 20. Rc7 Rab8 21. Rbc1 Kf8 22. g4 Be8 23. g5 {½-½ Indjic,A (2641)-Karttunen,M (2495) Titled Tue 28th Feb Early 2023 (3)}) ({RR} 8... Ne4 9. cxd5 exd5 10. Qb3 c4 11. Qb4 Nc6 12. Qb2 O-O 13. Be2 Qc7 14. O-O Na5 15. Be1 Re8 16. Ne5 f6 17. Nf3 Re6 18. Kh1 Rb6 19. Qa2 Nb3 20. Rb1 Bd7 21. Bd1 Ba4 22. Ng1 Re8 23. Bh5 {½-½ Broennimann,M (2228)-Martin,S (2226) Oberliga Baden 0708 2007 (7.5)}) ({RR} 8... Ne4 9. Bd3 Nd7 10. cxd5 Nxd2 11. Qxd2 exd5 12. c4 Qxd2+ 13. Kxd2 dxc4 14. Bxc4 cxd4 15. Nxd4 O-O {½-½ Kordts,M-Nugel,K Oberliga Nord N 9192 1991}) 9. cxd5 exd5 10. c4 Qc7 11. cxd5 Rd8 12. Rc1 b6 13. dxc5 bxc5 14. Qa4 Rxd5 15. Bc4 Rh5 16. Ba5 Qe7 17. Rd1 Bd7 18. Qb3 Nc6 19. Bc3 Bg4 20. Qa4 Nd4 21. Kf1 Nxf3 22. gxf3 Bxf3 23. Rg1 Rxh2 24. Qa6 Ng4 25. Rxg4 Rh1+ 26. Rg1 Rxg1+ 27. Kxg1 Qh4 28. Bxf7+ Kh8 0-1

[Event "45th Olympiad Budapest 2024"]
[Site "Budapest"]
[Date "2024.09.19"]
[Round "8"]
[Board "2"]
[White "Hernandez Guerrero, Gilberto"]
[Black "Brahami, Lamine"]
[Result "1-0"]
[WhiteElo "2482"]
[BlackElo "2188"]
[PlyCount "85"]
[EventDate "2024.09.11"]
[EventType "team-tourn"]
[EventRounds "11"]
[EventCountry "HUN"]
[WhiteTeam "Mexico"]
[BlackTeam "Algeria"]
[WhiteTeamCountry "MEX"]
[BlackTeamCountry "ALG"]

1. e4 c5 2. Nc3 d6 3. f4 Nc6 4. Nf3 e6 5. d4 cxd4 6. Nxd4 Nf6 7. Be3 Be7 8. Be2 O-O 9. O-O Bd7 10. Nb3 a6 11. a4 Na5 12. e5 Ne8 13. Nxa5 Qxa5 14. Qd4 ({RR} 14. Ne4 Qc7 15. a5 Rc8 16. Bb6 Qb8 17. c4 Bc6 18. Qd4 dxe5 19. fxe5 f5 20. exf6 Nxf6 21. Ng5 e5 22. Qh4 h6 23. Ne6 Rf7 24. Rad1 Bd7 25. Nxg7 Rxg7 26. Rxf6 Bxf6 27. Qxf6 Rc6 28. Qh4 Rd6 {½-½ Ganguly,S (2655)-Laznicka,V (2638) ESP-chT CECLUB Honor 2010 (2)}) ({RR} 14. Ne4 Qc7 15. a5 Bc6 16. Bb6 Qd7 17. Bf3 Bxe4 18. Bxe4 g6 19. c4 f5 20. Bf3 Rc8 21. exd6 Bxd6 22. c5 Rxc5 23. Bxc5 Bxc5+ 24. Kh1 Qe7 25. Qb3 Rf7 26. Rfe1 Ng7 27. Bd5 Rf6 28. Qxb7 Kf7 {1-0 Fishbein,A (2366)-Kramnik,V (2753) Titled Tue 16th May Late 2023 (2)}) 14... Bc6 15. Bf3 Bxf3 $146 ({RR} 15... Rc8 16. Ne4 Bxe4 17. Qxe4 d5 18. Qd3 Bc5 19. c3 g6 20. Kh1 Bxe3 21. Qxe3 Ng7 22. Bg4 Rc4 23. Qa7 Rxa4 24. Rxa4 Qxa4 25. Qxb7 Qc4 26. Kg1 h5 27. Bh3 Rc8 28. Qb6 Rc5 29. Qb8+ Kh7 30. Qb7 {½-½ Gongora Reyes,M (2439)-Vera Gonzalez Quevedo,R (2546) Guillermo Garcia Memorial-A 08th 2000 (2)}) 16. Rxf3 Rc8 17. Rd1 Rc6 18. Qe4 g6 19. Bd4 dxe5 20. Qxe5 Qxe5 21. fxe5 Ng7 22. g4 h5 23. h3 Rd8 24. Rfd3 hxg4 25. hxg4 Rc4 26. Kg2 Ne8 27. Kf3 Nc7 28. Bb6 Rxd3+ 29. Rxd3 Bb4 30. Ne4 Nd5 31. Nf6+ Kg7 32. Nxd5 exd5 33. c3 Be7 34. Rxd5 Rxa4 35. Rd7 Kf8 36. Rxb7 Ra2 37. Rb8+ Kg7 38. Bd4 Ra1 39. e6+ f6 40. g5 Rf1+ 41. Ke2 Rf4 42. Kd3 Rf5 43. gxf6+ 1-0

[Event "45th Olympiad Budapest 2024"]
[Site "Budapest"]
[Date "2024.09.19"]
[Round "8"]
[Board "3"]
[White "Boulrens, Ala Eddine"]
[Black "Cori Quispe, Kevin Joel"]
[Result "1-0"]
[WhiteElo "2137"]
[BlackElo "2461"]
[PlyCount "77"]
[EventDate "2024.09.11"]
[EventType "team-tourn"]
[EventRounds "11"]
[EventCountry "HUN"]
[WhiteTeam "Algeria"]
[BlackTeam "Mexico"]
[WhiteTeamCountry "ALG"]
[BlackTeamCountry "MEX"]

1. e4 c5 2. c3 Nf6 3. e5 Nd5 4. Nf3 Nc6 5. d4 cxd4 6. cxd4 d6 7. Bc4 Nb6 8. Bb5 Bd7 9. Nc3 dxe5 10. dxe5 g6 11. O-O Bg7 12. Qe2 O-O 13. h3 Qc7 14. Bf4 Rad8 15. Rac1 Be6 ({RR} 15... Bf5 16. Ne4 Nd5 17. Bg3 Qb6 18. Nc5 Bh6 19. Nxb7 Rc8 20. Rxc6 Rxc6 21. Bxc6 Qxc6 22. Na5 Qa4 23. Nb3 Nb4 {½-½ Ambarish,S (1975)-Serrano Batova,V (2157) IV Llinars Int Open 2024 (8.4)}) 16. Rfd1 Nd5 17. Bg3 $146 ({RR} 17. Nxd5 Bxd5 18. Nd4 Qb6 19. Nxc6 bxc6 20. Bc4 Bxc4 21. Qxc4 Rxd1+ 22. Rxd1 Qxb2 23. e6 Qf6 24. Be3 Qxe6 25. Qxe6 fxe6 26. Bxa7 Ra8 27. Rd7 Kf7 28. a4 Be5 29. Kf1 Bd6 30. Ke2 e5 31. Kd3 Ke6 {0-1 Erigaisi,A (2710)-Praggnanandhaa,R (2690) FIDE World Cup 2023 (6.2)}) 17... Nxc3 18. Rxc3 Qb6 19. Bxc6 bxc6 20. Rdc1 Bd5 21. b3 a5 22. Nd2 Bh6 23. R1c2 a4 24. Nc4 Qb4 25. bxa4 Be6 26. Ne3 Qb1+ 27. Qf1 Qb4 28. Qe2 Qxa4 29. Rxc6 Rd4 30. Kh2 Bg5 31. Qa6 h5 32. Rxe6 fxe6 33. Qxe6+ Kh7 34. Rc6 Rg8 35. Nf5 Qxc6 36. Qxc6 gxf5 37. Qf3 Kg6 38. Qb3 Rf8 39. Qb6+ 1-0